| 000 | 00783nam a2200229 i 4500 | ||
|---|---|---|---|
| 001 | 42966 | ||
| 003 | ES-MaACL | ||
| 005 | 20260303063011.0 | ||
| 007 | t| | ||
| 008 | 180704s1927 sp ||||1| spa d | ||
| 080 | _a821.134.2-31"19" | ||
| 080 | _a94(460)"1700/14"(0:82) | ||
| 100 | 1 |
_aDanvila, Alfonso, _d1879-1945 _942674 |
|
| 245 | 1 | 0 |
_aAlmansa / _cpor Alfonso Danvila. |
| 260 |
_aMadrid : _bEspasa-Calpe, _c1927. |
||
| 300 |
_a305 p. ; _c19 cm. |
||
| 490 | 1 |
_aLas Luchas Fraticidas de España ; _v5 |
|
| 650 | 4 |
_aGuerra de sucesión española, 1700-1714- _vNovelas. _9138822 |
|
| 830 | 0 |
_aLas Luchas Fraticidas de España ; _v5 _9229847 |
|
| 852 |
_aES-MaACL _jL-32170 _z.-Donat. herederos de la bibl. de Mª del Pilar Costa Palacín |
||
| 999 |
_c42966 _d42966 |
||